000 00252nam a2200109Ia 4500
008 190216s9999||||xx |||||||||||||| ||und||
100 _aRourt T F
245 2 _aA History Of Grate British
260 _bNull
650 _aHistory Of Britain
942 _cBK
999 _c19035
_d19035